000 00450nam a22001577a 4500
008 250522b |||||||| |||| 00| 0 eng d
020 _a070201592
050 _aSF745.R33
_b.R33
100 _aRadostits,O,M
245 _aVeterinary medicine
_bA textbook of diseases of cattle, sheep, pigs, goats & horses
250 _a8th
260 _aLondon
_bWB Saunders company ltd.
300 _axxviii, 1763p.
650 _aVeterinary medicine
942 _cBK
999 _c3611
_d3611